1027 1183 1736 1275 1959 1208 1280 1281 1696 1143 1749 1783 1526 1597 1075 1207 1241 1466 1760 1118 1977 1595 1122 1813 1835 1446 1956 1669 1054 1170 1189 1233 1768 1407 1440 1247 1853 1674 1718 1792 1443 1135 1467 1880 1069 1652 1428 1690 1584 1724 1623 1441 1813 1450 1602 1084 1480 1443 1023 1468 1372 1351 1006 1997 1137 1614 1692 1235 1170 1035 1927 1816 1339 1353 1581 1456 1943 1754 1848 1539 1469 1746 1207 1666 1667 1149 1822 1000 1224 1524 1176 1758 1787 1067 1260 1621 1759 1891 1348 BCNSPRNW ULIB Ver.6.0+V

เปลี่ยนเป็นภาษาไทย

Change to English
 แสดงรายละเอียดบรรณานุกรม
  กลับหน้าหลัก

Brief Record : Get Marc (ISO 2709) : E-mail record : QR code < ปิดหน้าต่าง
LEADER : 00000nam 2200000uu 4500
001    13399112695
003     ULIB
008    110627s2551||||th 000 0 tha d
020    9789740537823
090    นว.^bจ757ห 2551
100 0  เจ้าปลาน้อย
245 00 หัวใจตัวร้ายนัดให้นายมาปล้นรัก/^cเจ้าปลาน้อย
250    พิมพ์ครั้งที่ 1
260    กรุงเทพฯ :^bแจ่มใส,^c2551
300    168 หน้า
710 1  แจ่มใส
945    ^p139^l0^i026776
995    ทศพร
999 ^a ใช้งานได้ทุกระบบ
รายการนี้ยังไม่มีแท็ก
คุณยังไม่ได้ล็อกอิน คุณสามารถมีกิจกรรมร่วมกับเว็บไซต์ได้ แต่ต้องล็อกอินก่อน ::
  ล็อกอิน

รายการสื่อสารสนเทศ

ลำดับที่ ประเภท เลขเรียก/บาร์โค้ด สถานที่ สถานะ
- ไม่พบข้อมูล -

รายการใกล้เคียง
    ผู้แต่ง [เจ้าปลาน้อย]

BibComment


ยังไม่เคยถูกคอมเมนท์

คอมเมนท์ทรัพยากรรายการนี้
  คอมเมนท์: หัวใจตัวร้ายนัดให..


 Copyright 2026. Bcnsprnw @Library